000 01109cam a22002535i 4500
999 _c57869
_d57869
001 21664598
005 20221107113607.0
006 m |o d |
007 cr |||||||||||
008 160511s2016 gw |||| o |||| 0|eng
020 _a9783319928487 1
041 _aeng
080 _a376.2 + 61 H-22
245 0 0 _aHandbook of Evidence-Based Practices in Intellectual and Developmental Disabilities /
_cedited by Nirbhay N. Singh.
250 _a1st ed. 2016.
264 1 _bSpringer,
_c2016.
_aAugusta :
300 _a984 p.
_b25 cm.
653 _aპედაგოგიკა
653 _aმედიცინა
653 _aქცევითი თერაპია
653 _aინტელექტუალური და განვითარების შეზღუდული შესაძლებლობების მტკიცებულებებზე დაფუძნებული პრაქტიკის სახელმძღვანელო
700 1 _aSingh, Nirbhay N.
_eრედაქტორი
_910626
942 _2udc
_cBK